[Event "37th Taminco Open 2014"]
[Site "Ghent BEL"]
[Date "2014.07.20"]
[Round "4.8"]
[White "Sriram, Jha"]
[Black "Stone, Andrew M"]
[Result "1/2-1/2"]
[WhiteTitle "GM"]
[WhiteElo "2375"]
[BlackElo "2204"]
[WhiteFideId "5001668"]
[BlackFideId "404985"]
[EventDate "2014.07.19"]

1. d4 Nf6 2. Nf3 d5 3. c4 e6 4. g3 dxc4 5. Qa4+ Nbd7 6. Bg2 a6 7. Qxc4 b5 8. Qc2
Bb7 9. O-O c5 10. Nc3 Rc8 11. dxc5 Bxc5 12. a3 O-O 13. Bf4 Qb6 14. Rad1 Rfd8 15.
Rc1 Qa7 16. b4 Bb6 17. Qb2 Nd5 18. Bg5 N5f6 19. a4 Bc6 20. a5 Bc7 21. Rfd1 Qb7
22. Nb1 Bb8 23. Nbd2 h6 24. Be3 e5 25. Nb3 Bd5 26. Nc5 Nxc5 27. Bxc5 Re8 28. Bh3
Be6 29. Bg2 Bd5 30. Ne1 Bxg2 31. Nxg2 Qe4 32. f3 Qf5 33. Ne3 Qe6 34. Qd2 e4 35.
f4 Qh3 36. Qe1 h5 37. Rc2 Rc6 38. Qf1 Qc8 39. Rdc1 Qe6 40. Kg2 Rec8 41. Qd1 h4
42. f5 Qe8 43. Bd4 Nh5 44. g4 Nf4+ 45. Kf1 Rxc2 46. Rxc2 Rd8 47. Rd2 Nd5 48.
Nxd5 Rxd5 1/2-1/2

[Event "37th Taminco Open 2014"]
[Site "Ghent BEL"]
[Date "2014.07.20"]
[Round "4.9"]
[White "De Vogelaere, Robin"]
[Black "Van der Stricht, Geert"]
[Result "0-1"]
[BlackTitle "IM"]
[WhiteElo "1942"]
[BlackElo "2350"]
[WhiteFideId "207489"]
[BlackFideId "201324"]
[EventDate "2014.07.19"]

1. d4 Nf6 2. c4 e6 3. Nc3 Bb4 4. Qc2 O-O 5. Bg5 c5 6. a3 Bxc3+ 7. Qxc3 b6 8.
dxc5 bxc5 9. Bxf6 Qxf6 10. Qxf6 gxf6 11. e3 Nc6 12. Nf3 Rd8 13. Be2 Kf8 14. O-O
Rb8 15. Rab1 a5 16. Rfc1 d6 17. Bd1 Ne5 18. Be2 Ke7 19. Nd2 Rg8 20. f4 Ng4 21.
Rc3 f5 22. b4 axb4 23. axb4 cxb4 24. Rcb3 Bd7 25. Bxg4 fxg4 26. g3 Bc6 27. Rxb4
Rxb4 28. Rxb4 Ra8 29. Rb2 Ra1+ 30. Kf2 f5 31. Rc2 Kd7 32. Rb2 Kc7 33. Nb1 Be4
34. Nd2 Rh1 0-1

[Event "37th Taminco Open 2014"]
[Site "Ghent BEL"]
[Date "2014.07.20"]
[Round "4.10"]
[White "Marholev, Dimitar"]
[Black "Du Pont, David"]
[Result "1-0"]
[WhiteTitle "IM"]
[WhiteElo "2349"]
[BlackElo "2073"]
[WhiteFideId "2901340"]
[BlackFideId "206555"]
[EventDate "2014.07.19"]

1. e4 e6 2. d4 d5 3. Nd2 a6 4. Bd3 c5 5. dxc5 Nf6 6. exd5 Qxd5 7. Ngf3 Bxc5 8.
O-O O-O 9. a3 b5 10. b4 Be7 11. Bb2 Bb7 12. Re1 Nbd7 13. Ne4 Rfd8 14. Qc1 Rac8
15. h3 Qc6 16. Qf4 Nxe4 17. Bxe4 Qc7 18. Bxh7+ Kf8 19. Qe3 Bf6 20. Bxf6 Nxf6 21.
Bd3 Nd5 22. Qg5 Nf4 23. Be4 Bxe4 24. Rxe4 Qc3 25. Rae1 Nxh3+ 26. gxh3 Qxf3 27.
Rf4 Qxh3 28. Rh4 Rd5 29. Qf4 Qc3 30. Rh8+ Ke7 31. Rxc8 Qxc8 32. Qh4+ g5 33. Qe4
Qc3 34. Kg2 Rd4 35. Qb7+ Kf6 36. Re3 Rg4+ 37. Kh3 Qd4 38. Rd3 Rh4+ 39. Kg2 Qg4+
40. Rg3 Qe4+ 41. Rf3+ Ke5 42. Qc7+ Kd4 43. Qc5# 1-0

[Event "37th Taminco Open 2014"]
[Site "Ghent BEL"]
[Date "2014.07.20"]
[Round "4.11"]
[White "Lamorelle, Julien"]
[Black "Wubben, Marcel"]
[Result "1-0"]
[WhiteTitle "FM"]
[WhiteElo "2340"]
[BlackElo "2082"]
[WhiteFideId "616010"]
[BlackFideId "1008480"]
[EventDate "2014.07.19"]

1. e4 e6 2. d4 d5 3. Nc3 Bb4 4. e5 c5 5. Bd2 Nh6 6. a3 Bxc3 7. Bxc3 b6 8. Bb5+
Bd7 9. Bd3 Nc6 10. Nf3 Ng4 11. h3 cxd4 12. Bxd4 Nxd4 13. hxg4 Nxf3+ 14. Qxf3 Qc7
15. Qe2 O-O-O 16. g5 f6 17. gxf6 gxf6 18. f4 f5 19. O-O-O Rdg8 20. Rh3 Rg7 21.
Rdh1 Ba4 22. Bxf5 exf5 23. Qa6+ Kb8 24. Qxa4 Rxg2 25. Rc3 Qg7 26. Qd4 Rc8 27.
Rxc8+ Kxc8 28. Kb1 Rxc2 29. Qxd5 Rc7 30. Qa8+ Kd7 31. Rd1+ 1-0

[Event "37th Taminco Open 2014"]
[Site "Ghent BEL"]
[Date "2014.07.20"]
[Round "4.12"]
[White "Lindam, Ingo"]
[Black "Klundt, Klaus"]
[Result "0-1"]
[BlackTitle "IM"]
[WhiteElo "2076"]
[BlackElo "2314"]
[WhiteFideId "24699756"]
[BlackFideId "4600436"]
[EventDate "2014.07.19"]

1. d4 Nf6 2. Bg5 e6 3. e4 h6 4. Bxf6 Qxf6 5. c3 b6 6. e5 Qe7 7. Qf3 Nc6 8. Bd3
Bb7 9. Be4 O-O-O 10. Nd2 f5 11. exf6 gxf6 12. Qe2 d5 13. Bd3 e5 14. Bf5+ Kb8 15.
Ngf3 Rg8 16. Rg1 Re8 17. O-O-O Qf7 18. Rde1 Bd6 19. Qd1 e4 20. Nh4 Bxh2 21. Rh1
Bf4 22. g3 Bg5 23. Ng2 Bc8 24. Bxc8 Kxc8 25. Qa4 Kb7 26. Ne3 f5 27. Nb3 a6 28.
Kb1 Rg6 29. Rc1 Bxe3 30. fxe3 Rxg3 31. Rxh6 Re6 32. Rh8 Reg6 33. a3 Rxe3 34.
Rch1 Reg3 35. R1h7 Rg7 36. Ra8 Nb8 37. Rh8 0-1

[Event "37th Taminco Open 2014"]
[Site "Ghent BEL"]
[Date "2014.07.20"]
[Round "4.13"]
[White "Oranje, Richard"]
[Black "Verstraeten, Rein"]
[Result "0-1"]
[BlackTitle "FM"]
[WhiteElo "2079"]
[BlackElo "2298"]
[WhiteFideId "1013483"]
[BlackFideId "223654"]
[EventDate "2014.07.19"]

1. e4 c5 2. Nf3 d6 3. Bc4 Nf6 4. d3 e6 5. Bg5 Be7 6. c3 h6 7. Bh4 O-O 8. Bb3 Nc6
9. O-O a6 10. Nbd2 b5 11. Bc2 Bb7 12. Qe2 e5 13. Rfd1 Re8 14. Nf1 Nh5 15. Bxe7
Qxe7 16. g3 Nf6 17. Ne3 g6 18. h3 Rad8 19. a4 d5 20. axb5 axb5 21. Nh2 d4 22.
Neg4 h5 23. Nxf6+ Qxf6 24. Bb3 dxc3 25. bxc3 b4 26. Bd5 bxc3 27. Qe3 Rxd5 28.
exd5 Nd4 29. Rac1 c2 30. Rd2 Qd6 31. Rdxc2 Qxd5 32. f3 Nxc2 33. Rxc2 Rc8 34. Kf2
Ba6 35. Rc3 c4 36. dxc4 Bxc4 37. Nf1 Ra8 38. Nd2 Ra2 39. Ke1 Ba6 40. Rc5 Qd4 41.
Rxe5 Qa1+ 0-1

[Event "37th Taminco Open 2014"]
[Site "Ghent BEL"]
[Date "2014.07.20"]
[Round "4.14"]
[White "Becx, Cesar"]
[Black "Van Der Leij, Arjan"]
[Result "1/2-1/2"]
[WhiteTitle "FM"]
[WhiteElo "2214"]
[BlackElo "2080"]
[WhiteFideId "1001183"]
[BlackFideId "1018850"]
[EventDate "2014.07.19"]

1. f4 e5 2. fxe5 d6 3. Nf3 dxe5 4. e4 Nf6 5. Bc4 Bc5 6. Qe2 O-O 7. c3 Qe7 8. b4
Bb6 9. a4 a5 10. b5 Bg4 11. d3 Nbd7 12. Na3 Rad8 13. Nc2 Nc5 1/2-1/2

[Event "37th Taminco Open 2014"]
[Site "Ghent BEL"]
[Date "2014.07.20"]
[Round "4.15"]
[White "Van De Vaerd, Miguel"]
[Black "Van Baarle, John"]
[Result "0-1"]
[BlackTitle "FM"]
[WhiteElo "1896"]
[BlackElo "2208"]
[WhiteFideId "228370"]
[BlackFideId "1000691"]
[EventDate "2014.07.19"]

1. e4 d6 2. d4 Nf6 3. Nc3 g6 4. Bg5 c6 5. Qd2 h6 6. Bh4 g5 7. Bg3 Nh5 8. O-O-O
Nd7 9. f4 Nxf4 10. Bxf4 gxf4 11. Qxf4 e5 12. dxe5 dxe5 13. Qd2 Qg5 14. Nf3 Qxd2+
15. Nxd2 Bc5 16. Bc4 Ke7 17. Rdf1 f6 18. Nf3 b5 19. Bd3 Be3+ 20. Kb1 Nc5 21. Nh4
Rd8 22. Rf3 Bd2 23. Ng6+ Ke6 24. Rhf1 Nd7 25. Ne2 Bg5 26. h4 Rg8 27. h5 Nf8 28.
Nxf8+ Rxf8 29. Ng3 Kd6 30. Nf5+ Kc7 31. R3f2 Be6 32. Be2 Rad8 33. Bg4 Bc8 34. c3
a5 35. Kc2 Rf7 36. Rd1 Rxd1 37. Kxd1 Rd7+ 38. Kc2 Rd8 39. Kb3 Be6+ 40. Ka3 Bd2
41. Nxh6 b4+ 42. Ka4 Bxa2 43. Rxf6 bxc3 44. bxc3 Bxc3 45. Be6 Bb1 46. Rf7+ Kb6
47. Rd7 Bc2+ 48. Ka3 Rh8 49. Nf7 Rxh5 50. Bh3 Bxe4 51. Nd6 Bd5 0-1

[Event "37th Taminco Open 2014"]
[Site "Ghent BEL"]
[Date "2014.07.21"]
[Round "5.1"]
[White "Czebe, Attila"]
[Black "Hovhannisyan, Mher"]
[Result "1/2-1/2"]
[WhiteTitle "GM"]
[BlackTitle "IM"]
[WhiteElo "2439"]
[BlackElo "2513"]
[WhiteFideId "705268"]
[BlackFideId "13300865"]
[EventDate "2014.07.19"]

1. g3 d5 2. Nf3 Nf6 3. Bg2 e6 4. O-O Be7 5. b3 O-O 6. Bb2 a5 7. c4 a4 8. e3 c6
9. Nc3 a3 10. Bc1 b5 11. d3 b4 1/2-1/2

[Event "37th Taminco Open 2014"]
[Site "Ghent BEL"]
[Date "2014.07.21"]
[Round "5.2"]
[White "Ernst, Thomas"]
[Black "Meijers, Viesturs"]
[Result "1-0"]
[WhiteTitle "GM"]
[BlackTitle "GM"]
[WhiteElo "2364"]
[BlackElo "2475"]
[WhiteFideId "1700065"]
[BlackFideId "11600314"]
[EventDate "2014.07.19"]

1. e4 c5 2. Nf3 a6 3. c4 b6 4. Nc3 Bb7 5. d4 cxd4 6. Nxd4 d6 7. Bd3 Nd7 8. O-O
g6 9. Re1 Bg7 10. Bf1 Ngf6 11. f3 O-O 12. Be3 Rc8 13. Rc1 Re8 14. Qd2 Qc7 15.
Red1 Qb8 16. b4 Ba8 17. a3 Ne5 18. Na4 Rc7 19. Nb2 Rec8 20. Kh1 Rd7 21. Na4 Rdc7
22. Nb2 e6 23. Nb3 Bf8 24. Bf4 Nfd7 25. Be3 Be7 26. Kg1 Rd8 27. Qf2 d5 28. exd5
exd5 29. cxd5 Rxc1 30. Nxc1 a5 31. Ncd3 Nxd3 32. Nxd3 Bxd5 33. bxa5 bxa5 34. Nc5
Ne5 35. Qc2 Qc7 36. Qc3 Bf6 37. Qc2 Qc6 38. a4 Rc8 39. Bb5 Qa8 40. Qf2 Be7 41.
Rc1 Bc6 42. Qe2 Re8 43. f4 Bxc5 44. Rxc5 Bxb5 45. axb5 Nd7 46. Rc7 Nf6 47. Qc4
Nd5 48. Ra7 Qd8 49. Bf2 Re6 50. g3 Nb6 51. Qc2 Rd6 52. Qc5 Re6 53. Ra6 Na4 54.
Qc2 Nb6 55. Qc5 Na4 56. Qd4 1-0

[Event "37th Taminco Open 2014"]
[Site "Ghent BEL"]
[Date "2014.07.21"]
[Round "5.3"]
[White "Van Den Doel, Erik"]
[Black "Szeberenyi, Adam"]
[Result "1-0"]
[WhiteTitle "GM"]
[BlackTitle "IM"]
[WhiteElo "2547"]
[BlackElo "2316"]
[WhiteFideId "1003720"]
[BlackFideId "710466"]
[EventDate "2014.07.19"]

1. e4 c5 2. Nf3 e6 3. g3 b6 4. Bg2 Bb7 5. Qe2 d6 6. d4 cxd4 7. Nxd4 Nf6 8. O-O
Nbd7 9. c4 a6 10. Nc3 Qc7 11. Be3 Be7 12. Rac1 O-O 13. f4 Rfe8 14. g4 Nf8 15. g5
N6d7 16. b3 Rac8 17. f5 Ne5 18. f6 Bd8 19. fxg7 Nfg6 20. Bh3 Qb8 21. Nf3 Bc7 22.
Rcd1 Rcd8 23. Qf2 Re7 24. Nd4 Qa8 25. Nd5 exd5 26. cxd5 Bc8 27. Bxc8 Qxc8 28.
Nf5 Qd7 29. Bd4 b5 30. h4 h5 31. gxh6 Rde8 32. h5 Ng4 33. hxg6 fxg6 34. h7+ 1-0

[Event "37th Taminco Open 2014"]
[Site "Ghent BEL"]
[Date "2014.07.21"]
[Round "5.4"]
[White "Bokros, Albert"]
[Black "McMichael, Richard J"]
[Result "1-0"]
[WhiteTitle "IM"]
[BlackTitle "CM"]
[WhiteElo "2485"]
[BlackElo "2206"]
[WhiteFideId "710458"]
[BlackFideId "400963"]
[EventDate "2014.07.19"]

1. e4 e6 2. Qe2 c5 3. Nf3 Nc6 4. g3 g6 5. Bg2 Bg7 6. O-O Nge7 7. c3 d5 8. d3 b6
9. e5 Qd7 10. Bf4 h6 11. h4 Bb7 12. Re1 O-O-O 13. a3 g5 14. hxg5 Ng6 15. d4 Nxf4
16. gxf4 Rdg8 17. Nbd2 Bf8 18. b4 cxd4 19. cxd4 Be7 20. Rac1 Kb8 21. Qe3 Bd8 22.
Nf1 hxg5 23. fxg5 Rg6 24. Ng3 Rhg8 25. Bf1 Bxg5 26. Nxg5 Rxg5 27. Bb5 a6 28.
Bxc6 Bxc6 29. Kg2 Bb5 30. Rh1 Rg4 31. Rh7 Bc4 32. Rch1 Qb5 33. Rxf7 Bd3 34. Rh6
Qc4 35. Rf4 R4g7 36. Kh3 Qc2 37. Qf3 Rc7 38. Rf8+ Rxf8 39. Qxf8+ Kb7 40. Rh8
Rh7+ 41. Rxh7+ Bxh7 42. Qe7+ Kb8 43. Qxe6 Ka7 44. Qd7+ Kb8 45. Qxd5 Bf5+ 46. Kg2
Bc8 47. Qd6+ Ka7 48. d5 Bb7 49. Qd7 Qc4 50. Kg1 Qc1+ 51. Kg2 Qc4 52. f3 Qc2+ 53.
Kg1 Qd1+ 54. Kf2 Qd4+ 55. Ke2 Qxe5+ 56. Ne4 Qb2+ 57. Ke3 Qxa3+ 58. Kf4 Qxb4 59.
d6 Qc4 60. Qe7 Qc1+ 61. Ke5 Qb2+ 62. Kf5 Qb5+ 63. Kf6 Qb2+ 64. Kf7 Qb3+ 65. Ke8
Qxf3 66. Nf6 Qe3 67. Qxe3 a5 68. d7 a4 69. d8=Q Ka6 70. Qdxb6# 1-0

[Event "37th Taminco Open 2014"]
[Site "Ghent BEL"]
[Date "2014.07.21"]
[Round "5.5"]
[White "Sadikhov, Ulvi"]
[Black "Dijckmans, Bjorn"]
[Result "1-0"]
[WhiteElo "2335"]
[BlackElo "2133"]
[WhiteFideId "13401416"]
[BlackFideId "202479"]
[EventDate "2014.07.19"]

1. e4 g6 2. d4 Bg7 3. Nc3 d6 4. Nge2 Nf6 5. g3 O-O 6. Bg2 e5 7. O-O Nc6 8. d5
Ne7 9. f4 c6 10. fxe5 Ng4 11. exd6 Qxd6 12. Qe1 cxd5 13. exd5 Nf5 14. Rf4 Nfe3
15. Bxe3 Nxe3 16. Qf2 Nxg2 17. Kxg2 Be5 18. Rc4 b5 19. Rc5 Bf5 20. Nxb5 Qb6 21.
d6 Rae8 22. Rd1 Bxb2 23. Rd2 a6 24. Rxf5 Qc6+ 25. Qf3 Qxf3+ 26. Rxf3 axb5 27.
Rb3 Be5 28. Rxb5 Re6 29. Rbd5 Rd8 30. c4 1-0

[Event "37th Taminco Open 2014"]
[Site "Ghent BEL"]
[Date "2014.07.21"]
[Round "5.6"]
[White "Klundt, Klaus"]
[Black "Sriram, Jha"]
[Result "1/2-1/2"]
[WhiteTitle "IM"]
[BlackTitle "GM"]
[WhiteElo "2314"]
[BlackElo "2375"]
[WhiteFideId "4600436"]
[BlackFideId "5001668"]
[EventDate "2014.07.19"]

1. e4 e5 2. Nf3 Nc6 3. Bb5 a6 4. Ba4 Nf6 5. O-O Be7 6. Re1 b5 7. Bb3 d6 8. c3
O-O 9. h3 Nb8 10. d4 Nbd7 11. Nbd2 Bb7 12. Bc2 Re8 13. Nf1 Bf8 14. Ng3 g6 15. a4
Bg7 16. Bd3 c6 17. Bg5 Qc7 18. Qd2 Nf8 19. Rad1 Ne6 20. Be3 Rad8 21. Ng5 d5 22.
Nxe6 Rxe6 1/2-1/2

[Event "37th Taminco Open 2014"]
[Site "Ghent BEL"]
[Date "2014.07.21"]
[Round "5.7"]
[White "Van der Stricht, Geert"]
[Black "Van Vooren, Gert"]
[Result "1-0"]
[WhiteTitle "IM"]
[WhiteElo "2350"]
[BlackElo "1926"]
[WhiteFideId "201324"]
[BlackFideId "228621"]
[EventDate "2014.07.19"]

1. d4 d5 2. c4 c6 3. Nf3 Nf6 4. Qc2 e6 5. g3 Bd6 6. Bg2 O-O 7. Nbd2 Nbd7 8. O-O
Rb8 9. e4 Nxe4 10. Nxe4 dxe4 11. Qxe4 Nf6 12. Qe2 h6 13. Rd1 Qe7 14. Ne5 Rd8 15.
Bf4 Bd7 16. c5 Bxe5 17. Bxe5 Rbc8 18. Bd6 Qe8 19. Qc2 b5 20. a4 a6 21. Re1 Nd5
22. Be4 g6 23. g4 Kg7 24. h4 f6 25. Ra3 Qf7 26. g5 Kh7 27. axb5 axb5 28. Ra7 Ra8
29. Rea1 Rxa7 30. Rxa7 f5 31. Bf3 Qe8 32. Qe2 h5 33. Bxd5 1-0

[Event "37th Taminco Open 2014"]
[Site "Ghent BEL"]
[Date "2014.07.21"]
[Round "5.8"]
[White "Verstraeten, Rein"]
[Black "Marholev, Dimitar"]
[Result "0-1"]
[WhiteTitle "FM"]
[BlackTitle "IM"]
[WhiteElo "2298"]
[BlackElo "2349"]
[WhiteFideId "223654"]
[BlackFideId "2901340"]
[EventDate "2014.07.19"]

1. Nf3 Nf6 2. c4 g6 3. g3 Bg7 4. Bg2 O-O 5. O-O d6 6. d4 Nbd7 7. Nc3 e5 8. e4
exd4 9. Nxd4 Re8 10. Re1 Nc5 11. h3 Bd7 12. b3 Qc8 13. Kh2 Re5 14. Bb2 Rh5 15.
h4 Ng4+ 16. Kg1 Ne5 17. Nd5 Qd8 18. Bc3 Ned3 19. Re3 c6 20. b4 cxd5 21. exd5 Ba4
22. Qe2 Nxb4 23. Bf3 Bxd4 24. Bxd4 Nc2 25. Bb2 Nxe3 26. Qxe3 Qb6 27. Bd4 Re5 0-1

[Event "37th Taminco Open 2014"]
[Site "Ghent BEL"]
[Date "2014.07.21"]
[Round "5.9"]
[White "Van Baarle, John"]
[Black "Lamorelle, Julien"]
[Result "1/2-1/2"]
[WhiteTitle "FM"]
[BlackTitle "FM"]
[WhiteElo "2208"]
[BlackElo "2340"]
[WhiteFideId "1000691"]
[BlackFideId "616010"]
[EventDate "2014.07.19"]

1. d4 d5 2. c4 e6 3. Nc3 Nf6 4. Bg5 Be7 5. e3 O-O 6. cxd5 exd5 7. Bd3 Nbd7 8.
Qc2 h6 9. Bh4 c5 10. dxc5 Nxc5 11. Nf3 Bg4 12. Nd4 Rc8 13. Bf5 Bxf5 14. Nxf5
Nce4 15. O-O Bb4 16. Bxf6 Qxf6 17. Nxe4 Qxf5 1/2-1/2

[Event "37th Taminco Open 2014"]
[Site "Ghent BEL"]
[Date "2014.07.21"]
[Round "5.10"]
[White "Davey, Mark"]
[Black "Decoster, Frederic"]
[Result "0-1"]
[BlackTitle "FM"]
[WhiteElo "1995"]
[BlackElo "2298"]
[WhiteFideId "404730"]
[BlackFideId "204269"]
[EventDate "2014.07.19"]

1. e4 c5 2. Nf3 Nc6 3. d4 cxd4 4. Nxd4 e5 5. Nb5 d6 6. N1c3 a6 7. Na3 Be7 8. Nd5
Nf6 9. Nxf6+ Bxf6 10. Bc4 O-O 11. O-O Rb8 12. Be3 b5 13. Bd5 Qc7 14. b3 Ne7 15.
c4 Nxd5 16. cxd5 Bd7 17. Qd2 Bd8 18. Nc2 Qb7 19. Rfc1 f5 20. f3 f4 21. Bf2 a5
22. b4 a4 23. Ne1 Be8 24. Rc2 g5 25. Rac1 h5 26. a3 g4 27. Rc3 Qg7 28. Kf1 Bd7
29. Ke2 Kf7 30. Kd1 h4 31. Kc2 Rc8 32. Rxc8 Bxc8 33. Kb2 Bd7 34. Ka2 h3 35. gxh3
gxf3 36. Nxf3 Qg2 37. Qe2 Qxh3 38. Rg1 Rg8 39. Rxg8 Kxg8 40. Nd2 Qxh2 41. Qf3
Qh3 42. Qxh3 Bxh3 43. Kb2 Kf7 44. Kc3 Kg6 45. Kd3 Kh5 46. Ke2 Kg4 47. Nb1 f3+
48. Ke1 Kf4 49. Nc3 Bd7 50. Kd2 Kg4 51. Ke1 Bg5 52. Bb6 Kg3 53. Bf2+ Kg2 54. Nd1
Bc1 55. Ne3+ Bxe3 56. Bxe3 Be8 57. Bf2 Bg6 58. Bh4 Bxe4 59. Bf2 Bxd5 60. Bh4 Bc4
61. Bf2 d5 62. Bh4 d4 63. Bf2 Bd3 64. Bh4 e4 65. Bf2 e3 66. Bh4 f2+ 67. Bxf2
exf2+ 68. Kd2 Be2 0-1

[Event "37th Taminco Open 2014"]
[Site "Ghent BEL"]
[Date "2014.07.21"]
[Round "5.11"]
[White "Stone, Andrew M"]
[Black "Froeyman, Helmut"]
[Result "0-1"]
[BlackTitle "FM"]
[WhiteElo "2204"]
[BlackElo "2304"]
[WhiteFideId "404985"]
[BlackFideId "203602"]
[EventDate "2014.07.19"]

1. c4 f5 2. g3 Nf6 3. Bg2 e6 4. Nf3 Be7 5. O-O O-O 6. Nc3 d5 7. d3 d4 8. Nb5 c5
9. Bf4 Nc6 10. Ne5 Nxe5 11. Bxe5 a6 12. Na3 Ng4 13. Bf4 e5 14. Bd2 Bd6 15. Rb1
Qe7 16. Nc2 a5 17. e3 f4 18. e4 Qf7 19. h3 Nf6 20. g4 h5 21. f3 g5 22. a4 Bd7
23. b3 Kg7 24. Na3 b6 25. Rf2 Rh8 26. Nb5 Qe7 27. Kf1 Rh6 28. Nxd6 Qxd6 29. Ke2
Rah8 30. Qf1 Kf7 31. Kd1 Ke7 32. Kc2 hxg4 33. hxg4 Rh2 34. Qe2 Qb8 35. Rg1 Qf8
36. Bf1 Qh6 37. Be1 Rxf2 38. Bxf2 Rh7 39. Bg2 Qf8 40. Bf1 Rh2 41. Bg2 Qc8 42.
Kc1 Bxg4 43. fxg4 Nxg4 44. Bh3 Rxh3 45. Qxg4 Qxg4 46. Rxg4 Kf6 47. Kd2 Kg6 48.
Ke2 Kh5 49. Rg1 g4 50. Be1 Rh2+ 51. Kf1 Kg5 52. Rg2 Rh3 53. Rd2 g3 54. Kg2 Kg4
55. Bxg3 fxg3 56. Rd1 Rh2+ 57. Kg1 Kf3 58. Rf1+ Rf2 59. Rb1 g2 60. Kh2 Rf1 0-1

[Event "37th Taminco Open 2014"]
[Site "Ghent BEL"]
[Date "2014.07.21"]
[Round "5.12"]
[White "Sarrau, Jelle"]
[Black "Glimmerveen, Martin"]
[Result "1-0"]
[WhiteTitle "FM"]
[WhiteElo "2325"]
[BlackElo "2106"]
[WhiteFideId "207608"]
[BlackFideId "1012290"]
[EventDate "2014.07.19"]

1. d4 Nf6 2. c4 Nc6 3. Nc3 e5 4. d5 Ne7 5. h4 h5 6. Bg5 Ng6 7. e3 Be7 8. Bd3 d6
9. Qc2 Nf8 10. Nge2 Ng4 11. Bxe7 Qxe7 12. Ng3 g6 13. Nge4 Bf5 14. Qb3 b6 15.
Qa4+ Nd7 16. Qd1 Bxe4 17. Bxe4 f5 18. Bc2 O-O 19. Qd2 e4 20. Qd4 a5 21. Ne2 Nc5
22. Nf4 Kh7 23. b3 Rae8 24. a3 Qe5 25. Rd1 Re7 26. Ke2 Qxd4 27. Rxd4 Rb8 28. b4
axb4 29. axb4 Na6 30. Rb1 b5 31. cxb5 Rxb5 32. Ba4 Rb6 33. Bc6 Ne5 34. b5 Nc5
35. Rd2 Na4 36. Rc2 Rb8 37. Rb4 Nc5 38. Ra2 Ned3 39. Nxd3 exd3+ 40. Kd2 Kg7 41.
f3 Kf6 42. Ra7 Rg7 43. f4 Re7 44. Rc4 Rg8 45. Rxc5 dxc5 46. Kxd3 Rgg7 47. Ra6
Re4 48. d6 cxd6 49. Bxe4 fxe4+ 50. Kxe4 Ke6 51. Rb6 Ra7 52. Rb8 Ra4+ 53. Kd3
Ra3+ 54. Kd2 Kd5 55. b6 Kc6 56. g3 Rb3 57. Rg8 Rxb6 58. Rxg6 Kd5 59. Kd3 Rb3+
60. Ke2 Rb6 1-0

[Event "37th Taminco Open 2014"]
[Site "Ghent BEL"]
[Date "2014.07.21"]
[Round "5.13"]
[White "Roos, David"]
[Black "Sadkowski, Daniel"]
[Result "1/2-1/2"]
[BlackTitle "FM"]
[WhiteElo "2097"]
[BlackElo "2248"]
[WhiteFideId "210064"]
[BlackFideId "200255"]
[EventDate "2014.07.19"]

1. e4 e5 2. Nf3 Nf6 3. Nc3 Nc6 4. d4 exd4 5. Nxd4 Bb4 6. Nxc6 bxc6 7. Bd3 d5 8.
exd5 cxd5 9. O-O O-O 10. Bg5 c6 11. Qf3 h6 12. Bh4 g5 13. Bg3 Bg4 14. Bc7 Bxf3
15. Bxd8 Rfxd8 16. gxf3 Bd6 17. Na4 Nd7 18. Kg2 Rab8 19. c3 Ne5 20. Rad1 Re8 21.
Rh1 Re6 22. h4 Rf6 23. hxg5 hxg5 24. Rh5 Nxf3 25. Rdh1 Kf8 26. Rh8+ Ke7 27. Rxb8
Bxb8 28. Rd1 g4 29. Rh1 Bd6 30. b3 Ne5 31. Be2 Rf4 32. Nb2 Bc5 33. Rf1 Re4 34.
Bd3 Nxd3 35. Nxd3 Bd6 36. Re1 f5 37. f3 Rxe1 38. Nxe1 Kf6 39. Nd3 Kg5 40. c4
dxc4 41. bxc4 Kf6 42. f4 Ke6 43. Kf2 Kd7 44. Ke3 c5 45. Nf2 Be7 46. Nd3 Kd6 47.
Nc1 Bf6 48. Kf2 Kc6 49. Nb3 Bh4+ 50. Kg2 Kb6 51. a4 Be1 52. Kh2 Bf2 53. Kg2 Be3
54. Kg3 Kc6 55. a5 Kb7 56. Kg2 Bxf4 57. Nxc5+ Kc6 58. Nb3 Bc7 59. Nd4+ Kc5 60.
Ne6+ Kd6 61. Nd4 f4 62. Nb5+ Kd7 63. a6 f3+ 64. Kf2 Bb6+ 65. Kg3 Ke6 66. Nc3 Kf5
67. Nd5 Bc5 68. Nc3 Ke5 69. Nd5 Kd4 70. Nf6 Kxc4 71. Nxg4 f2 72. Kg2 Kb5 73.
Nxf2 Kxa6 74. Nd3 Bd4 75. Kf3 Kb5 76. Ke2 Kc4 77. Kd2 Kb3 78. Nc1+ Kb2 79. Nd3+
Kb1 80. Nb4 Bb6 81. Kc3 Ba5 82. Kb3 1/2-1/2

[Event "37th Taminco Open 2014"]
[Site "Ghent BEL"]
[Date "2014.07.21"]
[Round "5.15"]
[White "Van Der Leij, Arjan"]
[Black "Jamrich, Gyorgy"]
[Result "1-0"]
[BlackTitle "FM"]
[WhiteElo "2080"]
[BlackElo "2284"]
[WhiteFideId "1018850"]
[BlackFideId "706124"]
[EventDate "2014.07.19"]

1. e4 c5 2. c3 d6 3. d4 Nf6 4. Nd2 g6 5. Ngf3 Bg7 6. d5 O-O 7. Bd3 e6 8. c4 exd5
9. cxd5 Bg4 10. O-O Nbd7 11. Re1 Ne5 12. Bc2 Qa5 13. h3 Nxf3+ 14. Nxf3 Bxf3 15.
gxf3 Rfe8 16. Bd2 Qd8 17. f4 Nh5 18. Qg4 b5 19. Rad1 Bxb2 20. Rb1 Qf6 21. e5
dxe5 22. Rxb2 b4 23. Ba4 exf4 24. Bxe8 Qxb2 25. Bc6 Rd8 26. Bxf4 Qc3 27. Re7 Nf6
28. Qg2 Qa1+ 29. Kh2 Qxa2 30. Be5 Nh5 31. Qf3 f6 32. d6 Qd2 33. Bd5+ Kf8 34.
Bxf6 Qf4+ 35. Qxf4 Nxf4 36. Bg7# 1-0

[Event "37th Taminco Open 2014"]
[Site "Ghent BEL"]
[Date "2014.07.21"]
[Round "6.1"]
[White "Van Den Doel, Erik"]
[Black "Ernst, Thomas"]
[Result "1/2-1/2"]
[WhiteTitle "GM"]
[BlackTitle "GM"]
[WhiteElo "2547"]
[BlackElo "2364"]
[WhiteFideId "1003720"]
[BlackFideId "1700065"]
[EventDate "2014.07.19"]

1. e4 c5 2. Nf3 d6 3. d4 cxd4 4. Nxd4 Nf6 5. Nc3 g6 6. Be3 Bg7 7. f3 Nc6 8. Qd2
O-O 9. O-O-O d5 10. exd5 Nxd5 11. Nxc6 bxc6 12. Bd4 e5 13. Bc5 Re8 14. Ne4 f5
15. Bc4 fxe4 16. fxe4 Qh4 17. Qd3 Kh8 18. exd5 Bf5 19. Qc3 cxd5 20. Bxd5 Rac8
21. Rd2 Bh6 22. b4 a5 23. a3 axb4 24. axb4 Bxd2+ 25. Qxd2 Rcd8 26. Be3 Rxd5 27.
Qxd5 Qxb4 28. Qb3 Qe4 29. Rd1 Qxg2 30. Kb2 Rc8 31. Rd2 Qa8 32. Bg5 Kg7 33. Rd6
Rxc2+ 34. Qxc2 Qb8+ 35. Qb3 Qxd6 36. Qb7+ Bd7 37. Be3 Qd3 38. Qa7 Kf6 39. Bg1
Qd2+ 40. Ka3 Qc3+ 41. Ka2 Be6+ 42. Kb1 Qd2 43. Qb6 g5 44. Be3 Qd1+ 45. Kb2 h6
46. Kc3 Kf5 47. Qb2 Ke4 48. Bd2 Qf3+ 49. Kb4 Qd3 50. Qc1 Qb3+ 51. Kc5 Qd5+ 52.
Kb6 Kd3 53. Qc3+ Ke4 54. h4 gxh4 55. Qe3+ Kf5 56. Qxh6 Qd6+ 57. Ka5 Qc5+ 58. Ka4
Qd4+ 59. Ka5 Qg4 60. Qh7+ Kf6 61. Qh8+ Kf7 62. Qxe5 Kg6 63. Bc3 Qc4 64. Qf6+ Kh5
65. Qh8+ Kg5 66. Qf6+ Kh5 67. Qh8+ Kg5 68. Qf6+ Kg4 69. Qd4+ Qxd4 70. Bxd4 h3
71. Be5 1/2-1/2